Sports Quiz

Random Sports or Football Quiz

1900/01 English Football League First Division Table Quiz Stats

 Plays Quiz not verified by Sporcle

Score 0/18 Timer 04:00
0 Plays Today
Position Answer % Correct
7thEverton (W16 D5 L13) - 37
94.1%
1stLiverpool (W19 D7 L8) - 45
91.2%
6thNewcastle United (W14 D10 L10) - 38
85.3%
15thAston Villa (W10 D10 L14) - 30
85.3%
17thPreston North End (W9 D7 L18) - 25
85.3%
2ndSunderland (W15 D13 L6) - 43
82.4%
9thBlackburn Rovers (W12 D9 L13) - 33
79.4%
11thManchester City (W13 D6 L15) - 32
79.4%
8thThe Wednesday (W13 D10 L11) - 36
76.5%
Position Answer % Correct
12thDerby County (W12 D7 L15) - 31
76.5%
13thWolverhampton Wanderers (W9 D13 L12) - 31
73.5%
14thSheffield United (W12 D7 L15) - 31
73.5%
10thBolton Wanderers (W13 D7 L14) - 33
70.6%
3rdNotts County (W18 D4 L12) - 40
67.6%
4thNottingham Forest (W16 D7 L11) - 39
67.6%
5thBury (W16 D7 L11) - 39
64.7%
16thStoke (W11 D5 L18) - 27
64.7%
18thWest Bromwich Albion (W7 D8 L19) - 22
64.7%

You're not logged in!

Compare scores with friends on all Sporcle quizzes.
OR
Log In

Sporcle TV

Today on Sporcle TV


Watch our educational content, quiz creation guides, and fun videos on Sporcle TV.

Show Comments

Extras

Top Quizzes Today


Score Distribution

Your Account Isn't Verified!

In order to create a playlist on Sporcle, you need to verify the email address you used during registration. Go to your Sporcle Settings to finish the process.

Report this User

Report this user for behavior that violates our Community Guidelines.

Details: